00281nam a2200121Ia 45000030006000000080041000060400015000471000018000622450041000802600009001215460012001300050017001420STCL150530s9999 xx 000 0 und d aSTCLcSTCL aDexter Walter aSome rogues and vagabonds of dickens c1927 aEnglish20220125170842.0